00425nam a2200157Ia 4500008004100000020001500041041001200056082001600068100002100084245007300105250000800178260004800186300000800234650000700242700001800249221030s9999 xx 000 0 und d a8122408710 aEnglish a105.23bSri aC. M. Srivastava 0aScience of Engineering Materialscby C. M. Srivastava, C. Srinivasan a2nd bNew Age International Pub.aNew Delhic1997 a485 aEE aC. Srinivasan